All Teams Ever Played For by Luis Muriel - Statistics

General Stats
  • This quiz has been taken 13 times
  • The average score is 5 of 11
Answer Stats
Years Answer % Correct
2019-2024 Atalanta
92%
2019 (loan) Fiorentina
54%
2017-2019 Sevilla
54%
2010-2015 Udinese
54%
2012-2022 Colombia
46%
2011-2012 (loan) Lecce
46%
2015-2017 Sampdoria
46%
2015 (loan) Sampdoria
46%
2024- Orlando City
31%
2009-2010 Deportivo Cali
15%
2010-2011 (loan) Granada
8%
No matching quizzes found
Score Distribution
Percent of People with Each Score
Percentile by Number Answered
Your Score History
You have not taken this quiz